000 00566nam a22002057a 4500
003 koha_MIRAKIL
005 20231213100250.0
008 231213b |||||||| |||| 00| 0 ||| d
020 _b978-9-94494280-5
040 _aTR-IsEVY
_btur
_cTR-IsEVY
082 _aFIC ÖZV/S
100 _aÖzveri, Ümit.
245 0 _aSihirli lambanın peşinde
250 _a5. bs.
260 _bÖzyürek Yayınevi,
_c2012
300 _a64 s.
650 _aChildren's literature -- Short stories, Turkish.
650 _aÇocuk edebiyatı -- Hikaye, Türk.
942 _2ddc
_cBK
999 _c17198
_d17198